Aportes efectuados a la Cátedra de Contabilidad Pública (Registro nro. 141)
[ vista simple ]
| 000 -LEADER | |
|---|---|
| fixed length control field | 00657 a2200181 4500 |
| 001 - CONTROL NUMBER | |
| control field | 226 |
| 005 - DATE AND TIME OF LATEST TRANSACTION | |
| control field | 20260407155414.0 |
| 008 - FIXED-LENGTH DATA ELEMENTS--GENERAL INFORMATION | |
| fixed length control field | 260407a2010 arg spa d |
| 003 - CONTROL NUMBER IDENTIFIER | |
| control field | AR-UNSa-BCEJYS |
| 040 ## - CATALOGING SOURCE | |
| Original cataloging agency | AR-UNSa-BCEJYS |
| Language of cataloging | spa |
| Transcribing agency | AR-UNSa-BCEJYS |
| 100 1# - MAIN ENTRY--PERSONAL NAME | |
| Personal name | Wierna, Gustavo Enrique |
| 245 10 - TITLE STATEMENT | |
| Title | Aportes efectuados a la Cátedra de Contabilidad Pública |
| 264 #1 - PRODUCTION, PUBLICATION, DISTRIBUTION, MANUFACTURE, AND COPYRIGHT NOTICE | |
| Place of production, publication, distribution, manufacture | Salta : |
| Name of producer, publisher, distributor, manufacturer | Universidad Nacional de Salta |
| Date of production, publication, distribution, manufacture, or copyright notice | 2010 |
| 300 ## - PHYSICAL DESCRIPTION | |
| Extent | v. 2 |
| Dimensions | 21 cm |
| 505 ## - FORMATTED CONTENTS NOTE | |
| Formatted contents note | El Vol. 1 contiene: 1. Demandar el cumplimiento de la Constitución Nacinal 2. Una profecía cumplida 3. Algo sobre el control 4. Pre Proyecto |
| 590 ## - LOCAL NOTE (RLIN) | |
| Local note | niveau_biblio:m niveau_hierar:0 |
| 942 ## - ADDED ENTRY ELEMENTS (KOHA) | |
| Koha item type | |
No hay ítems disponibles.